Karel Teige. Kapitán avantgardy /
Salvato in:
| Autore principale: | |
|---|---|
| Natura: | Libro |
| Lingua: | ceco |
| Pubblicazione: |
Praha :
Kant,
2016
|
| Edizione: | 1. vydanie |
| Soggetti: | |
| Tags: |
Nessun Tag, puoi essere il primo ad aggiungerne!!
|
MARC
| LEADER | 00000nam a22000003a 4500 | ||
|---|---|---|---|
| 001 | 0025621 | ||
| 003 | SK-STU | ||
| 005 | 20190403093842.6 | ||
| 007 | ta | ||
| 008 | 170811s ----xo-----e------000-0-----d | ||
| 020 | |a 978-80-7437-171-4 | ||
| 040 | |a STU |b slo | ||
| 041 | 0 | |a cze | |
| 044 | |a xr | ||
| 100 | 1 | |a Michalová, Rea |4 aut |r Z5 | |
| 245 | 1 | 0 | |a Karel Teige. Kapitán avantgardy / |c aut. Rea Michalová |
| 250 | |a 1. vydanie | ||
| 260 | |a Praha : |b Kant, |c 2016 | ||
| 300 | |a 599 s. | ||
| 650 | 0 | 7 | |a moderné umenie |
| 650 | 0 | 7 | |a architektúra česká |
| 650 | 0 | 7 | |a avantgarda |
| 650 | 0 | 7 | |a architektúra - teória |
| 650 | 0 | 7 | |a teória umenia |
| 650 | 0 | 7 | |a teória architektúry |
| 996 | |b 284AU07051 |c A* 10280/U |l AAKNST |s P |a 0 |w 0025621_0001 | ||
| 996 | |b 284AU07553 |c A* 10801/U |l AAKNAR |s A |a 24 |w 0025621_0002 | ||